000 00514nam a2200181Ia 4500
003 GCL
008 140319s9999 xx 000 0 ara d
040 _aGCL /
_cGCL
082 0 4 _aط
_b813.02
_bد ر
100 1 _aدار المعارف
245 1 0 _aارنبو والكنز /
_cدار المعارف
260 _a[S.N] :
_bدار المعارف
490 _aروضة الطفل
_v0
650 0 4 _aالاطفال
650 0 4 _aقصص الاطفال
650 0 4 _aالقصص الخرافية
942 _2ddc
_cBK
999 _c34662
_d34662